000 00401nam a2200157Ia 4500
003 GCL
008 140319s9999 xx 000 0 eng d
040 _aGCL /
_cGCL
082 0 4 _a704.032
_bT K
100 1 _aTRIADO, JUAN RAMON
245 1 0 _aTHE KEY TOBAROQUE ART /
_cTRIADO, JUAN RAMON
260 _a[S.N] :
_bSEARCH PRESS ،
_c1990
300 _a80 P P
650 0 4 _aART BAROQUE
942 _2ddc
_cBK
999 _c17645
_d17645